| 000 | 01138nam a2200325 a 4500 | ||
|---|---|---|---|
| 008 | 200218e2011 ag ||||| |||| 00| 0 spa d | ||
| 020 | _a9789872608323 | ||
| 041 | _aspa | ||
| 092 |
_c616.135 _l22 _sESP |
||
| 100 | 1 |
_aEsper, Ricardo J. _9383 |
|
| 245 |
_aProgresos en aterotrombosis / _cRicardo J. Esper |
||
| 250 | _a1a ed. | ||
| 260 |
_aBuenos Aires: _bMédicas del Sur; _c2011. |
||
| 300 | _a352 p. | ||
| 500 | _aEsper, R. J. y Vilariño, J. O. (2011). Progresos en aterotrombosis. (1a ed.). Buenos Aires : Médicas del Sur. | ||
| 590 | _aDonacion 2020 | ||
| 653 | _aInmunidad, inflamacion y ateroesclerosis | ||
| 653 | _aFactores de riesgo cardiovascular | ||
| 653 | _aDislipidemias | ||
| 653 | _aPrevencion cardiovascular | ||
| 653 | _aRiesgo residual, endotelio, genetica y tratamiento personalizado | ||
| 653 | _aMarcadores serologicos de inflamacion | ||
| 653 | _aProteina C reactiva | ||
| 653 | _aActivacion patologica de las celulas T | ||
| 653 | _aVacunas y ateroesclerosis | ||
| 653 | _aAntiplaquetarios | ||
| 653 | _aSindrome metabolico | ||
| 700 | 1 |
_aVilariño, Jorge O. _9384 |
|
| 942 |
_2ddc _cBK |
||
| 999 |
_c3068 _d3068 |
||